LEADER 00969nam0-22003011i-450- 001 990003745550403321 005 20060116124327.0 035 $a000374555 035 $aFED01000374555 035 $a(Aleph)000374555FED01 035 $a000374555 100 $a20030910d--------km-y0itay50------ba 101 0 $aita 105 $ay-------001yy 200 1 $a<>intellettuali e l'ideologia americana nell'Italia letteraria degli anni trenta$fNicola Carducci 210 $aManduria$cLacaita$d1973 215 $a251 p.$d22 cm 225 1 $aBiblioteca di studi moderni$v11 610 0 $aIntellettuali$aItalia$aRapporto con l'ideologia americana 676 $a305.552 700 1$aCarducci,$bNicola$0142075 801 0$aIT$bUNINA$gRICA$2UNIMARC 901 $aBK 912 $a990003745550403321 952 $a305.552 CAR 1$b2317$fBFS 959 $aBFS 996 $aIntellettuali e l'ideologia americana nell'Italia letteraria degli anni Trenta$9221983 997 $aUNINA LEADER 01387nam--2200385---450- 001 990001924560203316 005 20091030095559.0 035 $a000192456 035 $aUSA01000192456 035 $a(ALEPH)000192456USA01 035 $a000192456 100 $a20040811d1967----km-y0itay0103----ba 101 0 $afre 102 $aFR 105 $a||||||||001yy 200 1 $a<> exceptions préliminaire dans la procédure de la Cour Internationale$eetude des notions fondamentales de procédure et des moyens de leur mise en oeuvre$fGeorges Abi Saab$gpreface de Paul Guggenheim 210 $aParis$cPedone$d1967 215 $aX, 280 p.$d25 cm 410 0$12001 454 1$12001 461 1$1001-------$12001 606 0 $aCorte Internazionale di Giustizia 700 1$aABI-SAAB,$bGeorges$0242671 702 1$aGUGGENHEIM,$bPaul 801 0$aIT$bsalbc$gISBD 912 $a990001924560203316 951 $aXXIII.1.L. 236 b (IG VIII 9 302)$b522 GIU$cXXIII.1.L. 236 b (IG VIII)$d00229826 951 $aXXIII.1.L. 236 a (G VIII 9 303)$b3268 GIU$cXXIII.1.L. 236 a (IG VIII)$d00229823 959 $aBK 969 $aUMA 979 $aSIAV1$b10$c20040811$lUSA01$h1209 979 $aRSIAV2$b90$c20091030$lUSA01$h0954 979 $aRSIAV2$b90$c20091030$lUSA01$h0955 996 $aExceptions préliminaire dans la procédure de la Cour Internationale$9953635 997 $aUNISA